00789nam a2200205 4500999001900000005001700019010001500036020002300051035001400074037001300088082000600101245006800107260004000175270006400215300002000279700001800299942002000317952011700337952012900454 c171839d17183920200121164830.0 aENG-127493 c175.00a8185586764 aEN-111025 bDBAD/PUB aS aMapping Memoriescedited by Sukrita Paul, Muhammad Ali Siddiqui aNew DelhibKatha Urdu Libraryc1998 aA-3 Sarvodaya Enclave Sri Aurobindo MargbNew Delhie110017 a225p.c21cm(hb) a Paul,Sukrita 2ddccENhSmMAP 001040708FICaZLSbZLSd2020-01-21eDBAD/PUBg175.00l0oS MAPpEN-111025r2020-01-21 00:00:00t1v175.00yEN 001040708NFICaDBADbMd2022-12-12eDBAD/PUBg175.00l0oS MAPpEN-119364r2022-12-12 00:00:00t1v175.00w2022-12-12yEN